• 首页
  • 本馆介绍
  • 公告通知
  • 最新文献
  • 馆藏检索
  • 电子资源
  • 读者导购
  • 参考咨询
  • 我的图书馆
  • 登录
  • 详细信息显示
  • 放入我的书架
  • 预约/预借图书
  • 作者相关作品
  • 分类相关作品
  • 丛书相关作品
  • 出版社相关作品

书目信息

  • 表格格式
  • 工作单格式
  • 卡片格式
题名:
图解数据结构
    
 
作者: 吴灿铭 著
分册:  
出版信息: 北京   清华大学出版社  2018
页数: 411页
开本: 26cm
丛书名:
单 册:
中图分类: TP311.12-64 , TP311.561
科图分类:
主题词: 数据结构--图解 , 软件工具--程序设计
电子资源:
ISBN: 978-7-302-49532-1
000 00972nam0 2200265 450
001 4228
005 20181011080431.68
010    @a978-7-302-49532-1@dCNY79.00
100    @a20180612d2018 em y0chiy50 ea
101 0  @achi
102    @aCN@b110000
105    @aa z 000yy
200 1  @a图解数据结构@9tu xie shu ju jie gou@e使用Python@f吴灿铭著
210    @a北京@c清华大学出版社@d2018
215    @a411页@d26cm
330    @a本书内容共9章,先从基本的数据结构概念开始介绍,再以Python语言来实现数组、堆栈、链表、队列、树、图、排序、查找等重要的数据结构。在附录A提供了Python语言的快速入门,附录B是使用Python语言实现数据结构程序时调试经验的分享,附录C则提供了所有课后习题的答案。
517 1  @a使用Python@9shi yong Python
606 0  @a数据结构@j图解
606 0  @a软件工具@x程序设计
610 0  @aPython
690    @aTP311.12-64@v5
690    @aTP311.561@v5
701  0 @a吴灿铭@9wu can ming@4著
801  0 @aCN@b91MARC@c20180612
905    @aMuseLib@dTP311.12-64@e1285
    
    图解数据结构:使用Python/吴灿铭著.-北京:清华大学出版社,2018
    411页;26cm
    
    
    ISBN 978-7-302-49532-1:CNY79.00
    本书内容共9章,先从基本的数据结构概念开始介绍,再以Python语言来实现数组、堆栈、链表、队列、树、图、排序、查找等重要的数据结构。在附录A提供了Python语言的快速入门,附录B是使用Python语言实现数据结构程序时调试经验的分享,附录C则提供了所有课后习题的答案。
●
相关链接 在E读中查询图书 在五车中查询图书 在当当中查询图书 在豆瓣中查询图书


正题名:图解数据结构     索取号:TP311.12-64/1285         预约/预借

序号 登录号 条形码 馆藏地/架位号 状态 备注
1 1124131   211241315   第二样本阅览室/ [索取号:TP311.12-64/1285] 在馆    
2 1124132   211241324   第三借阅区/ [索取号:TP311.12-64/1285] 在馆    
3 1124133   211241333   第三借阅区/ [索取号:TP311.12-64/1285] 在馆    
4 1124134   211241342   第三借阅区/ [索取号:TP311.12-64/1285] 在馆    
5 1124135   211241351   第三借阅区/ [索取号:TP311.12-64/1285] 在馆    
唐山师范学院图书馆 欢迎您!
大连网信软件有限公司© 版权所有